Sisters and wives : the past and future of sexual equality
Saved in:
| Main Author: | |
|---|---|
| Format: | Book |
| Language: | English |
| Published: |
Westport :
Greenwood,
1979
|
| Series: | Contributions in women's studies ;
; 10 |
| Subjects: | |
| Tags: |
Add Tag
No Tags, Be the first to tag this record!
|
MARC
| LEADER | 00000pam a2200000 i 4500 | ||
|---|---|---|---|
| 001 | 1/87504 | ||
| 008 | 970507s1979 eng d | ||
| 020 | |a 0-313-20983-9 | ||
| 035 | |l 10006731 | ||
| 040 | |a GR-MY-UA |b gre |e aacr | ||
| 041 | 0 | |a eng | |
| 082 | 0 | |a 305.4 | |
| 100 | 1 | |a Brodkin, Karen. | |
| 245 | 1 | 0 | |a Sisters and wives : |b the past and future of sexual equality / |c Karen Sacks |
| 260 | |a Westport : |b Greenwood, |c 1979 | ||
| 300 | |a 274 p.; |c 22 cm | ||
| 490 | 1 | |a Contributions in women's studies |v ; 10 | |
| 504 | |a Bibliography: p. [253]-268. Includes index | ||
| 650 | 0 | 0 | |a Women. |
| 650 | 0 | 0 | |a Sex role. |
| 650 | 0 | 0 | |a Women |x Social conditions. |
| 650 | 0 | 0 | |a Women |z Africa. |
| 830 | 0 | |a Contributions in women's studies ; |v ; 10 | |
| 852 | |a INST |b LESVOS |e 19970507 |h 305.4 BRO |p 005100011366 |q 005100011366 |t BK |y 0 | ||
| 909 | |a Λ |b 010126 | ||